000 00854cab a2200265 4500
001 WB2903-17
008 090401t1993 xxu||||| |||| 00| 0 eng d
035 _a(Sirsi) u31669
041 _aeng
245 _aLosing out
260 _c1993
350 _a0
490 _aEvening Standard
_v19 January 1993, 25-27(3)
520 _aSeries of articles on the growing crisis in the commercial property market in London where it is becoming cheaper to demolish some buildings than to keep them standing.
650 _aASSET VALUES
650 _aDEMOLITION
650 _aFINANCIAL INSTITUTIONS
650 _aPROPERTY-COMMERCIAL PROPERTY-OFFICE PROPERTY-OFFICE PROPERTY MARKET
650 _aPROPERTY COMPANIES
650 _aRECESSION
650 _aTWO-TIER MARKET
690 _aPROPERTY-COMMERCIAL PROPERTY
942 _n0
948 _c04/03/1997
999 _c21257
_d21257